000 00334nam a2200133Ia 4500
008 231129s9999||||xx |||||||||||||| ||spa||
020 _a84-8280-988-1
040 _bspa
082 _aU813 M873a
100 _aMorrell David
245 0 _aAcorralado
264 _aLa Oveja Negra
942 _2ddc
_cBKS
999 _c4497
_d4497